| 000 | 00462nam a2200193Ia 4500 | ||
|---|---|---|---|
| 005 | 20250423094811.0 | ||
| 008 | 250422s9999 xx 000 0 und d | ||
| 020 | _a9780808923565 | ||
| 050 | _aQM 551 .G37/ | ||
| 100 | _aGartner, Leslie P. | ||
| 245 | 0 | _aColor textbook of histology | |
| 250 | _a3. ed. | ||
| 260 | _aPhiladelphia | ||
| 260 | _bSaunders | ||
| 260 | _c2007 | ||
| 300 | _a573 p | ||
| 650 | _aHistology. Histology--atlases. | ||
| 942 | _cBK | ||
| 999 |
_c28329 _d28329 |
||